An A–Z of inclusive environments for APC (Record no. 121853)

MARC details
000 -LEADER
fixed length control field 01034nab a22002537a 4500
007 - PHYSICAL DESCRIPTION FIXED FIELD--GENERAL INFORMATION
fixed length control field ta
008 - FIXED-LENGTH DATA ELEMENTS--GENERAL INFORMATION
fixed length control field 230112e20240112xxk||||o |||| 00| 0 eng d
041 ## - LANGUAGE CODE
Language code of text/sound track or separate title eng
100 ## - MAIN ENTRY--PERSONAL NAME
Personal author Lemen, Jen
110 ## - MAIN ENTRY--CORPORATE NAME
9 (RLIN) 4900
Corporate author Royal Institution of Chartered Surveyors
245 ## - TITLE STATEMENT
Title An A–Z of inclusive environments for APC
Statement of responsibility, etc [electronic resource]
260 ## - PUBLICATION INFORMATION
Publisher Royal Institution of Chartered Surveyors,
Date 12 January 2024
490 ## - SERIES TITLE
Series statement RICS Property Journal,
Volume 12 January 2024
520 ## - ABSTRACT
Abstract Ensuring an accessible built environment is as much an ethical obligation as a legal requirement. What do candidates need to know to complete the mandatory competency of inclusive environments?
650 ## - KEYWORDS
Keywords ACCESSIBILITY
650 ## - KEYWORDS
Keywords APC
650 ## - KEYWORDS
Keywords BUILT ENVIRONMENT
650 ## - KEYWORDS
Keywords EQUALITY ACT 2010
650 ## - KEYWORDS
Keywords INCLUSIVITY
651 ## - SUBJECT ADDED ENTRY--GEOGRAPHIC NAME
Geographic name International
690 ## - LOCAL SUBJECT ADDED ENTRY--TOPICAL TERM (OCLC, RLIN)
Topical term or geographic name as entry element Built Environment
9 (RLIN) 6307
700 ## - ADDED PERSONAL NAME
Added personal author Lemen, Jen
856 ## - ONLINE RESOURCE
Uniform Resource Identifier https://ww3.rics.org/uk/en/journals/property-journal/inclusive-environments-apc.html
Public note Available from RICS journals
Holdings
Withdrawn status Lost status Damaged status Koha normalized classification for sorting Not for loan Home library Current library Shelving location Date acquired Total Checkouts Full call number Date last seen Price effective from Koha item type
      JOURNAL_ARTICLE   Virtual Virtual Online 15/03/2024   JOURNAL ARTICLE 15/03/2024 15/03/2024 Journal article